000 005080000a22001690004500
090 _aAR
_b00037
245 1 0 _aDecreto 1753 de agosto de 1994: licencias ambientales
650 1 4 _aPolíticas ambientales
_95366
650 1 4 _aSector productivo
_992843
650 1 4 _aRecursos naturales
_992719
650 1 4 _aLegislación ambiental
_992309
651 4 _pColombia
_992749
041 0 _aEspañol
110 1 _aColombia. Ministerio del Medio Ambiente
_992230
942 _cARTICULO
773 1 _tPreprint
_33
_q1-18
_d1994
999 _c9140
_d9140